000 00766nam a2200229 a 4500
001 1196
005 20140414132000.0
008 040128s19uu xx 00 eng d
050 _aTR 813.08
_bL39 1992
100 _aLaw, Felicia
245 _aLearn about moving around /
_cstory by Felicia Law ; illustrations by Steve Smallman, Shirley Tourret.
260 _aChicago, ill :
_bWorldbook,
_c1992.
300 _a1 v. (unp.) : ill. ; cm.
440 _aEarly World of Learing-Poldy
520 _aPoldy and his friends finds themselves in the Australian bush, helping a young Aborginal boy look for his boomerang.
650 _aMovements
_xFiction.
650 _aChildren stories.
999 _c113043
_d113043